000 00555nam a2200205Ia 4500
005 20250923144400.0
008 008 250917s9999 xx 000 0 eng d
037 _aTextual
040 _aDSWL
_beng
_cDSWL
041 _aeng
_2eng
084 _aS6, H6
_qDSWL
100 _aLandis, Carney
_9824324
245 0 _aTextbook of abnormal psychology
_cby Carney Landis
260 _aNew York
_b Macmillan
_c1946
300 _a376 p.
365 _aINR
_b2.5
925 _g2.5
942 _cTEXL
_hS6, H6
999 _c1438141
_d1438141